[Event "Valencia Region-ch"]
[Site "Valencia"]
[Date "2016.10.29"]
[Round "4"]
[White "Picornell Morant, Juan Enrique"]
[Black "Gonzalvez Perales, Jose Luis"]
[Result "1/2-1/2"]
[WhiteElo "1898"]
[BlackElo "1966"]
[PlyCount "126"]
[EventDate "2016.10.01"]
[EventType "swiss"]
[EventRounds "7"]
[EventCountry "ESP"]
[SourceTitle "EXT 2024"]
[Source "ChessBase"]
[SourceDate "2023.10.10"]
[SourceVersion "1"]
[SourceVersionDate "2023.10.10"]
[SourceQuality "1"]

1. e4 c5 2. Nf3 d6 3. d4 cxd4 4. Nxd4 Nf6 5. Nc3 a6 6. Bg5 Nbd7 7. f4 Qc7 8. Qf3 h6 9. Bh4 g5 10. fxg5 hxg5 11. Bxg5 Qc5 12. Be3 Ne5 13. Qd1 Neg4 14. Bg1 Bh6 15. Nf5 Qb4 16. Nxh6 Qxb2 17. Bd4 e5 18. Nb5 exd4 19. Nxg4 Bxg4 20. Qxd4 Qxd4 21. Nxd4 Nxe4 22. h3 Rc8 23. Bd3 Nc5 24. Kd2 Nxd3 25. cxd3 Bd7 26. Rhe1+ Kd8 27. Re3 Re8 28. Rae1 Rxe3 29. Rxe3 Rc5 30. Nb3 Rg5 31. g4 f5 32. gxf5 Bxf5 33. a3 Rg2+ 34. Kc3 Rh2 35. Na5 b5 36. Rf3 Bxh3 37. Rf8+ Ke7 38. Ra8 Bf5 39. Rxa6 Kd7 40. Rb6 Rh3 41. Rxb5 Bxd3 42. Rg5 Kc7 43. Kb4 Rh4+ 44. Kc3 Bf1 45. Nb3 Ra4 46. Kb2 Kc6 47. Nd2 Bd3 48. Kb3 Rf4 49. Ra5 d5 50. Kc3 Be2 51. Nb3 Rc4+ 52. Kd2 Bg4 53. Ra6+ Kb5 54. Ra5+ Kc6 55. Ra6+ Kd7 56. Nc1 Bf5 57. Ne2 Kc7 58. Nc3 Rd4+ 59. Ke2 Bd3+ 60. Ke3 Bxa6 61. Kxd4 Bc4 62. Nxd5+ Bxd5 63. Kxd5 Kb7 1/2-1/2

[Event "Valencia Region-ch"]
[Site "Valencia"]
[Date "2015.10.31"]
[Round "4.15"]
[White "Baeza Garcia, Agustin"]
[Black "Picornell Morant, Juan Enrique"]
[Result "1-0"]
[WhiteElo "1971"]
[BlackElo "1944"]
[PlyCount "55"]
[EventDate "2015.10.03"]
[EventType "swiss"]
[EventRounds "7"]
[EventCountry "ESP"]
[SourceTitle "EXT 2024"]
[Source "ChessBase"]
[SourceDate "2023.10.10"]
[SourceVersion "1"]
[SourceVersionDate "2023.10.10"]
[SourceQuality "1"]

1. d4 Nf6 2. c4 g6 3. Nc3 Bg7 4. Nf3 0-0 5. g3 d6 6. Bg2 Nbd7 7. 0-0 e5 8. e4 Re8 9. h3 c6 10. Be3 Qe7 11. Qc2 exd4 12. Nxd4 Nc5 13. Rfe1 a5 14. Rad1 Bd7 15. Bf4 Nh5 16. Nxc6 Bxc6 17. Bxd6 Qe6 18. Bxc5 Qxc4 19. Bd6 b5 20. Qe2 Qxe2 21. Rxe2 b4 22. Nd5 Bxd5 23. Rxd5 Rad8 24. e5 f6 25. e6 f5 26. Bc7 Rc8 27. Rd7 Nf6 28. Bb7 1-0